[Event "DEM U18 2019"]
[Site "Willingen GER"]
[Date "2019.06.15"]
[Round "9"]
[White "Hinrichs, Niklas"]
[Black "Knödler, Marcel"]
[Result "1-0"]
[Termination "normal"]
[Board "13"]
[WhiteElo "2128"]
[BlackElo "1633"]
[WhiteClock "00:36:29"]
[BlackClock "00:02:42"]
[PlyCount "69"]
[WhiteFideId "12942499"]
[BlackFideId "12976202"]
[EventCountry "GER"]
[EventRounds "9"]
[EventType "swiss"]
[EventDate "2019.06.08"]

1. d4 1... d5 {[%clk 1:30:31]} 2. c4 {[%clk 1:31:24]} 2... e6 {[%clk 1:30:27]}
3. Nc3 {[%clk 1:31:49]} 3... Nf6 {[%clk 1:30:52]} 4. cxd5 {[%clk 1:32:08]} 4...
exd5 {[%clk 1:31:17]} 5. Bg5 5... Be7 {[%clk 1:31:00]} 6. e3 {[%clk 1:32:25]}
6... O-O {[%clk 1:28:38]} 7. Bd3 7... c6 {[%clk 1:26:37]} 8. Qc2 { [%clk
1:26:43]} 8... Nbd7 {[%clk 1:25:09]} 9. h3 {[%clk 1:21:35]} 9... Re8 10. O-O-O
{[%clk 1:17:23]} 10... Nf8 {[%clk 1:20:31]} 11. Nf3 {[%clk 1:16:07]} 11... a5
{[%clk 1:17:08]} 12. Kb1 {[%clk 1:09:40]} 12... a4 {[%clk 1:06:36]} 13. g4
{[%clk 1:06:38]} 13... b5 {[%clk 1:01:24]} 14. Ne2 {[%clk 1:02:18]} 14... Qb6
15. Rc1 {[%clk 1:01:49]} 15... Bb7 {[%clk 0:54:06]} 16. Ng3 { [%clk 0:59:26]}
16... b4 {[%clk 0:51:37]} 17. Qd2 {[%clk 0:57:24]} 17... Rac8 { [%clk 0:37:40]}
18. Nf5 18... c5 {[%clk 0:31:03]} 19. Nxe7+ {[%clk 0:56:37]} 19... Rxe7 20.
dxc5 20... Rxc5 {[%clk 0:29:29]} 21. Rxc5 {[%clk 0:56:30]} 21... Qxc5 {[%clk
0:29:43]} 22. Bxf6 {[%clk 0:56:47]} 22... gxf6 {[%clk 0:29:59]} 23. Rc1 {[%clk
0:56:55]} 23... Qb6 {[%clk 0:29:13]} 24. Nd4 24... b3 { [%clk 0:23:20]} 25. a3
{[%clk 0:52:15]} 25... Ne6 26. Bf5 {[%clk 0:43:51]} 26... Nxd4 {[%clk 0:12:15]}
27. exd4 {[%clk 0:43:17]} 27... Kg7 {[%clk 0:12:30] } 28. g5 {[%clk 0:39:22]}
28... Ba6 {[%clk 0:11:20]} 29. Rg1 {[%clk 0:37:37]} 29... Kh8 {[%clk 0:08:50]}
30. Qf4 {[%clk 0:36:10]} 30... Qa5 {[%clk 0:01:41]} 31. Qb8+ {[%clk 0:36:07]}
31... Kg7 {[%clk 0:02:03]} 32. gxf6+ {[%clk 0:36:21]} 32... Kxf6 {[%clk
0:02:21]} 33. Qd6+ {[%clk 0:36:30]} 33... Re6 {[%clk 0:02:40] } 34. Bxe6 {[%clk
0:36:12]} 34... Bd3+ {[%clk 0:02:42]} 35. Ka1 {[%clk 0:36:29] } 1-0

[Event "DEM U18 2019"]
[Site "Willingen GER"]
[Date "2019.06.15"]
[Round "9"]
[White "Sureshkumar, Atchuthan"]
[Black "Engel, Robert"]
[Result "0-1"]
[Termination "normal"]
[Board "14"]
[WhiteElo "1502"]
[BlackElo "2067"]
[WhiteClock "00:30:16"]
[BlackClock "00:26:24"]
[PlyCount "66"]
[WhiteFideId "16283678"]
[BlackFideId "12974684"]
[EventCountry "GER"]
[EventRounds "9"]
[EventType "swiss"]
[EventDate "2019.06.08"]

1. e4 {[%clk 1:31:03]} 1... c5 {[%clk 1:31:25]} 2. Nf3 d6 3. d4 {[%clk 1:31:19]
} 3... cxd4 {[%clk 1:31:50]} 4. Nxd4 4... Nf6 {[%clk 1:32:38]} 5. Nc3 { [%clk
1:32:05]} 5... a6 {[%clk 1:32:55]} 6. Bc4 {[%clk 1:31:50]} 6... e6 { [%clk
1:33:17]} 7. Bg5 {[%clk 1:30:23]} 7... Be7 {[%clk 1:33:19]} 8. f3 { [%clk
1:29:41]} 8... b5 {[%clk 1:32:48]} 9. Bb3 {[%clk 1:27:37]} 9... Qc7 { [%clk
1:31:14]} 10. a3 {[%clk 1:25:23]} 10... Bd7 {[%clk 1:29:11]} 11. Qd2 { [%clk
1:23:25]} 11... O-O {[%clk 1:24:40]} 12. g4 {[%clk 1:15:11]} 12... Nc6 { [%clk
1:24:59]} 13. Nxc6 {[%clk 1:15:11]} 13... Bxc6 {[%clk 1:18:38]} 14. h4 { [%clk
1:08:40]} 14... a5 {[%clk 1:06:13]} 15. Ne2 {[%clk 1:04:05]} 15... d5 { [%clk
1:03:44]} 16. exd5 16... Nxd5 {[%clk 1:03:43]} 17. Bxe7 {[%clk 1:03:51]} 17...
Nxe7 {[%clk 1:02:12]} 18. O-O-O {[%clk 1:02:22]} 18... Bxf3 { [%clk 0:56:14]}
19. Rhg1 {[%clk 1:00:55]} 19... Rac8 {[%clk 0:49:20]} 20. Rdf1 {[%clk 1:00:19]}
20... Rfd8 {[%clk 0:46:11]} 21. Nd4 {[%clk 0:56:45]} 21... Bd5 {[%clk 0:42:08]}
22. Nxb5 {[%clk 0:51:36]} 22... Qb7 {[%clk 0:41:15]} 23. Qd3 { [%clk 0:48:54]}
23... Bc4 {[%clk 0:33:31]} 24. Nd6 {[%clk 0:48:10]} 24... Rxd6 {[%clk 0:31:37]}
25. Qxd6 {[%clk 0:46:31]} 25... Bxb3 {[%clk 0:29:11]} 26. Rf2 {[%clk 0:38:42]}
26... Qe4 {[%clk 0:29:09]} 27. c3 {[%clk 0:34:13]} 27... Nd5 { [%clk 0:26:27]}
28. Qg3 Ba2 29. Qf3 {[%clk 0:31:09]} 29... Qb1+ {[%clk 0:25:33] } 30. Kd2
{[%clk 0:31:33]} 30... Qxb2+ 31. Kd1 {[%clk 0:29:51]} 31... Nxc3+ { [%clk
0:25:57]} 32. Ke1 32... Qc1+ {[%clk 0:26:24]} 33. Qd1 {[%clk 0:30:16]} 33...
Qxd1# 0-1